Los padres fundadores de la ciencia social
Zapisane w:
| 1. autor: | |
|---|---|
| Format: | Książka |
| Język: | hiszpański |
| Wydane: |
Barcelona
Anagrama
1970
|
| Seria: | Argumentos. Ensayo y Ciencias Humanas, 13
|
| Hasła przedmiotowe: | |
| Etykiety: |
Dodaj etykietę
Nie ma etykietki, Dołącz pierwszą etykiete!
|
MARC
| LEADER | 00000nam a2200000 a 4500 | ||
|---|---|---|---|
| 001 | UCQ0825 | ||
| 003 | CL-VaPUC | ||
| 008 | 980703e19700000SP |||||||||||||||||spa|d | ||
| 082 | 0 | 4 | |a 301 |b RAI |2 21 |
| 100 | 0 | |a Raison, Timothy |e author |9 414162 | |
| 245 | 1 | 4 | |a Los padres fundadores de la ciencia social |
| 300 | |a 235 p | ||
| 942 | |c BK | ||
| 945 | |d 19980703 00:00:00 |a crobeson | ||
| 260 | |a Barcelona |b Anagrama |c 1970 | ||
| 650 | 0 | |a Sociología |9 255410 | |
| 650 | 7 | |a SOCIOLOGOS |2 CL-VaPUC |9 307715 | |
| 650 | 0 | |a Ciencias sociales |9 256351 | |
| 650 | 0 | |a Sociología política |9 255920 | |
| 650 | 7 | |a SOCIOLOGIA ECONOMICA |2 CL-VaPUC |9 341237 | |
| 583 | |a last modification |c 19980703 00:00:00 |k Rodrigo Vera | ||
| 490 | 0 | |a Argumentos. Ensayo y Ciencias Humanas, 13 | |
| 999 | |c 271855 |d 271853 | ||
| 952 | |0 0 |1 0 |4 0 |6 301_000000000000000_RAI_1970 |7 0 |8 A |9 306633 |a BIBENE |b BIBENE |d 2019-11-20 |i 1427679 |o 301 RAI 1970 |p 1427679 |r 2025-01-15 |w 2019-11-20 |y BK |k ICO | ||